Score 0/28 Timer 06:00
10 Plays Today
% Correct
Thames
88.8%
Loch Ness
87.9%
Gibraltar
85.4%
Skye
84%
Ben Nevis
83.7%
Anglesey
80.5%
Islay
79.5%
Scafell Pike
75.9%
Severn
75.6%
Lough Neagh
75.3%
Trent
75.2%
Snowdon
72.8%
Great Britain
68%
Windermere
65.3%
% Correct
Mull
65.2%
Cautley Spout
63.3%
Ullswater
60%
Cairn Toul
56.8%
The Wash
56.8%
Moray Firth
54.8%
Lundy
53.2%
Lewis and Harris
53%
Devil’s Appendix
49.6%
Helvellyn
44.8%
Aire
41.7%
Glyder Fawr
41.5%
Eas a' Chual Aluinn
39.7%
Llyn Cowlyd
37.7%
Remove Ads.
Support Sporcle.
Get the best of Sporcle when you Go Orange. This ad-free experience offers more features, more stats, and more fun while also helping to support Sporcle. Thank you for becoming a member.

You're not logged in!

Compare scores with friends on all Sporcle quizzes.
OR
Log In

Sporcle TV

Today on Sporcle TV


Watch our educational content, quiz creation guides, and fun videos on Sporcle TV.

Show Comments

Extras

Top Quizzes Today


Score Distribution

Paid Content

Your Account Isn't Verified!

In order to create a playlist on Sporcle, you need to verify the email address you used during registration. Go to your Sporcle Settings to finish the process.

Report this User

Report this user for behavior that violates our Community Guidelines.

Details: